9 vấn đề căn bản Excel 2002

Đã lưu trong:
书目详细资料
主要作者: Trương, Lê Ngọc Thương
格式: 图书
语言:Undetermined
出版: Thành phố Hồ Chí Minh Thanh Niên 2002
主题:
标签: 添加标签
没有标签, 成为第一个标记此记录!
Thư viện lưu trữ: Trung tâm Học liệu Trường Đại học Cần Thơ
LEADER 00598nam a2200193Ia 4500
001 CTU_53670
008 210402s9999 xx 000 0 und d
020 |c 15000 
082 |a 005.3 
082 |b Th561 
100 |a Trương, Lê Ngọc Thương 
245 0 |a 9 vấn đề căn bản Excel 2002 
245 0 |c Trương Lê Ngọc Thương 
260 |a Thành phố Hồ Chí Minh 
260 |b Thanh Niên 
260 |c 2002 
650 |a Excel ( computer programs ),Electronic spreadsheets 
904 |i H.Mai 
980 |a Trung tâm Học liệu Trường Đại học Cần Thơ